000
00296nam a2200133Ia 4500
008
231017s9999 xx 000 0 und d
082
_a
363.125093HUG
082
_b
HUG
245
0
_a
Development of a Highway Safety Manual
245
0
_c
TRB
260
_b
TRB
300
_c
30cm
942
_c
REP
999
_c
603652
_d
603652